ბათუმის შოთა რუსთაველის სახელმწიფო უნივერსიტეტის ბიბლიოთეკა

ვოლგაზე (ბიბ.ჩანაწერი № 50231)

000 -LEADER
fixed length control field 00773nam a2200229Ia 4500
001 - CONTROL NUMBER
control field 17169
003 - CONTROL NUMBER IDENTIFIER
control field GE_BSU
008 - FIXED-LENGTH DATA ELEMENTS--GENERAL INFORMATION
fixed length control field 181216s||||||||xx |||||||||||||| ||und||
040 ## - CATALOGING SOURCE
Transcribing agency GE_BSU
080 ## - UNIVERSAL DECIMAL CLASSIFICATION NUMBER
Universal Decimal Classification number 82-93:821.161.1-31
100 ## - MAIN ENTRY--PERSONAL NAME
Personal name პრილეჟაევა, მ.პ.
245 ## - TITLE STATEMENT
Title ვოლგაზე
245 ## - TITLE STATEMENT
Remainder of title რომანი
245 ## - TITLE STATEMENT
Statement of responsibility, etc. თარგმ. ელენე გოგოლაშვილმა და ნონა კალანდარიშვილმა. რედ. ვ. ძიძიგური
260 ## - PUBLICATION, DISTRIBUTION, ETC.
Place of publication, distribution, etc. თბილისი
260 ## - PUBLICATION, DISTRIBUTION, ETC.
Name of publisher, distributor, etc. საბლიტგამი
260 ## - PUBLICATION, DISTRIBUTION, ETC.
Date of publication, distribution, etc. 1955
300 ## - PHYSICAL DESCRIPTION
Extent 498გვ. : ილ. ; 20სმ
653 ## - INDEX TERM--UNCONTROLLED
Uncontrolled term ვოლგაზე
653 ## - INDEX TERM--UNCONTROLLED
Uncontrolled term რომანი
942 ## - ADDED ENTRY ELEMENTS (KOHA)
Koha item type წიგნი
ეგზემპლარები
Withdrawn status Lost status Damaged status Not for loan Date acquired Barcode Date last seen Price effective from Koha item type
        2018-12-17 21460 2018-12-17 2018-12-17 წიგნი
        2018-12-17 21461 2018-12-17 2018-12-17 წიგნი
        2018-12-17 21462 2018-12-17 2018-12-17 წიგნი